01011nam a2200241Ia 4500003000400000005001700004008004100021020001800062040001800080041000800098082002100106100002700127245012100154250001200275260004500287300003200332650006900364650007800433700003200511942003000543999001900573952017700592OSt20220704110407.0210716s2014 xx 000 0 und d a9788131792476 cAIMIT LIBRARY aeng a005.74 26bELMR aElmasri, Ramez.946845 aDatabase systems :bmodels languages design and application programming /cBy Ramez Elmasri and Shamkant B. Navathe. a6th ed. aNew Delhi :bPearson Education ,c2014 . axxv, 1214p. ;bPBc23.5 cm. aConceptual data modeling using entities and relationships946846 aIntroduction to query processing and query optimization techniques946847 aNavathe, Shamkant B.946848 2ddccBKe6thk005.74 ELMR c195440d195440 00102ddc40708MCAaAIMITbAIMITeKnowledge Worldg849.00iBillno:281;Billdt:2016-10-07l1o005.74 ELMRpMCA14949r2026-05-23 00:00:00s2023-01-31v636.75w2021-07-16yBK